000 00781nam a2200217Ii 4500
003 JO-AjNU
008 230605s9999||||xx |||||||||||||| ||und||
017 _a1977/1715
040 _aJO-AjNU
_bara
_erda
_cJO-AjNU
041 _aara
050 1 4 _aK3943.S2438.1978
100 3 _a عامر، صلاح الدين ,
_eauthor
_940121
245 0 0 _aالمشروع الدولى العام دراسة تحليلية تأصيلية
250 _a(د،ط)
264 3 1 _aالقاهرة : دار الفكر العربي ، 1978
300 _a258ص
336 _atext
_btxt
_2rdacontent
337 _aunmediated
_bn
_2rdamedia
338 _avolume
_bnc
_2rdacarrier
650 4 _aتعاون دولي -- قانون دولي -- العلاقات الاقتصادية الدولية
_940122
999 _aA17000
_c20568
_d20568